书目信息 |
| 题名: |
国家水质自动监测系统建设与运行实用技术习题集
|
|
| 作者: | 刘京 , 姚志鹏 , 杨凯 主编 ;中国环境监测总站 编 | |
| 分册: | ||
| 出版信息: | 北京 中国环境出版集团 2019.11 |
|
| 页数: | 137页 | |
| 开本: | 26cm | |
| 丛书名: | ||
| 单 册: | ||
| 中图分类: | X842-44 | |
| 科图分类: | ||
| 主题词: | 地面水--di mian shui--水质监测系统--中国--习题集 | |
| 电子资源: | ||
| ISBN: | 978-7-5111-4174-3 | |
| 000 | 01184nam0 2200301 450 | |
| 001 | 202020140308 | |
| 005 | 20200926181352.0 | |
| 010 | @a978-7-5111-4174-3@dCNY40.00 | |
| 100 | @a20200918d2019 em y0chiy50 ea | |
| 101 | 0 | @achi |
| 102 | @aCN@b110000 | |
| 105 | @ay q 000yy | |
| 106 | @ar | |
| 200 | 1 | @a国家水质自动监测系统建设与运行实用技术习题集@Aguo jia shui zhi zi dong jian ce xi tong jian she yu yun xing shi yong ji shu xi ti ji@f中国环境监测总站编 |
| 210 | @a北京@c中国环境出版集团@d2019.11 | |
| 215 | @a137页@d26cm | |
| 312 | @a英文题名取自封面 | |
| 314 | @a书内题: 刘京, 姚志鹏, 杨凯主编 | |
| 330 | @a本书立足于当前地表水自动监测运维技术考核需要, 对地表水自动监测基础理论、各类监测方法以及运维工作的技术要求进行梳理, 并对地表水质量评价等应知应会的知识进行了提炼。 | |
| 510 | 1 | @aNational water quality@zeng |
| 606 | 0 | @a地面水@Adi mian shui@x水质监测系统@y中国@j习题集 |
| 690 | @aX842-44@v5 | |
| 701 | 0 | @a刘京@Aliu jing@4主编 |
| 701 | 0 | @a姚志鹏@Ayao zhi peng@4主编 |
| 701 | 0 | @a杨凯@Ayang kai@4主编 |
| 712 | 02 | @a中国环境监测总站@Azhong guo huan jing jian ce zong zhan@4编 |
| 801 | 0 | @aCN@c20200311 |
| 905 | @a河南城建学院图书馆@dX842-44@eL632 | |
| 国家水质自动监测系统建设与运行实用技术习题集/中国环境监测总站编.-北京:中国环境出版集团,2019.11 |
| 137页;26cm |
| ISBN 978-7-5111-4174-3:CNY40.00 |
| 本书立足于当前地表水自动监测运维技术考核需要, 对地表水自动监测基础理论、各类监测方法以及运维工作的技术要求进行梳理, 并对地表水质量评价等应知应会的知识进行了提炼。 |
| ● |
| 相关链接 |
|
|
|
正题名:国家水质自动监测系统建设与运行实用技术习
索取号:X842-44/L632
 
预约/预借
| 序号 | 登录号 | 条形码 | 馆藏地/架位号 | 状态 | 备注 |
| 1 | 1490530 | 214905307 | 自科库501/501自科库 118排1列3层/ [索取号:X842-44/L632] | 在馆 |